000 00405nam a22001457a 4500
003 Ost
005 20250429060403.0
008 250429b |||||||| |||| 00| 0 eng d
040 _aBSULIB
_beng.
_cBSU
_dBSU
082 _a342.676107
_bUGA
245 _aCompendium of Uganda
_bAs at 13st December 2020
260 _aKampala
_bUganda Law Reform Commission
_c2020
300 _av,1177p.
_c21cm.
942 _2ddc
_cBK
999 _c12952
_d12952